| 000 | 00463nam a2200157Ia 4500 | ||
|---|---|---|---|
| 003 | OSt | ||
| 005 | 20200703105255.0 | ||
| 008 | 190216s9999||||xx |||||||||||||| ||und|| | ||
| 040 | _coclc | ||
| 082 |
_a942 _bCHU/H |
||
| 100 |
_aChurchill, Winston S _93495 |
||
| 245 | 0 |
_aA History Of The English Speaking Peoples / _cWinston S Churchill |
|
| 260 |
_bCassel, _c1957. _a London: |
||
| 300 | _a327p | ||
| 942 |
_cBK _2ddc _h942 _iCHU/H _k942 _mCHU/H |
||
| 999 |
_c18774 _d18774 |
||